000
00323nam a2200133Ia 4500
008
190216s9999||||xx |||||||||||||| ||und||
100
_a
Narayanan S And Manicavachagom Pillay T K
245
0
_a
Modern Algebra
250
_a
FIRST
260
_b
Viswanathan S.
_c
1982
300
_a
496
650
_a
Mathematics
942
_c
BK
999
_c
30781
_d
30781